banner-ar

صرخات فى وجة العصر / (Record no. 31316)

MARC details
000 -الفاتح
حقل البيانات ثابتة الطول 00636nam a2200205Ia 4500
005 - وقت وتاريخ اخر تعامل مع التسجيلة
رقم الضبط 20240530102315.0
008 - عناصر البيانات ثابتة الطول - معلومات عامة
حقل البيانات ثابتة الطول 140319s1982 ua 000 0 ara d
017 ## - رقم الايداع القانونى
رقم الايداع القانونى 1982/2244
المصدر ( الهيئة المختصة) مصر. دار الكتب
020 ## - الرقم الدولى المعيارى للكتب
الرقم الدولى المعيارى للكتاب 9777358660
040 ## - مصدر الفهرسة
وكالة الفهرسة الأصلية GCL /
وكالة النسخ GCL
082 04 - رقم تصنيف ديوى العشرى
رقم التصنيف 810.1/
رقم المادة ج ص
100 0# - المدخل الرئيسى - إسم شخصى
الإسم الشخصى جلال العشرى
245 10 - بيان العنوان
العنوان صرخات فى وجة العصر /
بيان المسئوليه,etc جلال العشرى
260 ## - PUBLICATION, DISTRIBUTION, ETC. (IMPRINT)
تاريخ النشر أو التوزيع 1982
300 ## - الوصف المادى
التعداد 312 ص. ؛
أبعاد الوعاء 24 سم
490 0# - بيان السلسلة
عنوان السلسلة مكتبة الدراسات الادبية؛
رقم المجلد/ التعيين التسلسلي 85
650 04 - المدخل الاضافى بالموضوع-مصطلح موضوعى
مصطلح موضوعي الادب العربى
942 ## - عناصر المدخل الإضافي( كوها)
مصدر التصنيف او مخطط الترفيف Dewey Decimal Classification
Koha [default] item type كتاب
260 ## - PUBLICATION, DISTRIBUTION, ETC. (IMPRINT)
-- القاهرة:
-- دار المعارف ،
Holdings
حالة التراجع حالة الفقد حالة تلف ليس للاعارة المكان المؤقت الموقع الحالى موقع الترفيف تاريخ الاكتساب اجمالي اﻻعارات رقم الطلب الباركود تاريخ اخر مشاهدة تاريخ تفعيل السعر نوع وعاء كوها
        مكتبة القاهرة الكبرى مكتبة القاهرة الكبرى ق الرئيسية_الأداب_ك عربى 03/26/2014   810.1/ج ص 73181 03/26/2014 03/26/2014 كتاب
        مكتبة القاهرة الكبرى مكتبة القاهرة الكبرى ق الرئيسية_الأداب_ك عربى 03/26/2014   810.1/ج ص 73182 03/26/2014 03/26/2014 كتاب

Powered By

EGPV